| 000 | 00381nam a22001577a 4500 | ||
|---|---|---|---|
| 003 | CEME | ||
| 005 | 20210628204149.0 | ||
| 008 | 210218b xxu||||| |||| 00| 0 eng d | ||
| 040 | _c. | ||
| 082 | _a351.1 SAD'L | ||
| 100 |
_aSadullah Mumtaz, M. G _969048 |
||
| 245 | _aThe new relating to service matters | ||
| 260 |
_aRAWALPINDI _bENG _c1987 |
||
| 300 | _a95P | ||
| 942 |
_cBK _2ddc |
||
| 999 |
_c576465 _d576465 |
||